Eléments de Mathématique: algèbre

Sparad:
Bibliografiska uppgifter
Huvudupphovsman: Bourbaki, Nicolás
Materialtyp: Bok
Språk:franska
Publicerad: París, Francia Harmann 1964
Upplaga:Segunda edición
Serie:Actualités Scientifiques et Industrielles. 1179
Ämnen:
Taggar: Lägg till en tagg
Inga taggar, Lägg till första taggen!

MARC

LEADER 00000cam a2200000 a 4500
001 UCP0582
003 CL-VaPUC
005 20230714082655.0
008 990313e19640000FR |||||||||||||||||fre|d
999 |c 279345  |d 279343 
040 |c Pontificia Universidad Católica de Valparaíso 
082 0 4 |a 512 BOU 1964  |2 21 
100 0 |a Bourbaki, Nicolás  |9 425940 
245 1 0 |a Eléments de Mathématique: algèbre 
250 |a Segunda edición 
260 0 3 |a París, Francia  |b Harmann  |c 1964 
300 |a 173 páginas 
490 0 |a Actualités Scientifiques et Industrielles.  |v 1179 
505 |a Chapitre 6: groupes et corps ordonnés. Chapitre 7: Mmodules sur les anneaux principaux. 
583 |a last modification  |c 20120814 12:06:21  |k Rodrigo Vera 
650 0 |a Álgebra  |9 259567 
650 0 |a Álgebra abstracta   |9 260081 
650 0 |a Estructuras algebraicas  |9 422373 
942 |c BK  |2 ddc 
945 |d 19990313 00:00:00  |a crobeson 
952 |0 0  |1 0  |2 ddc  |4 0  |6 512_000000000000000_BOU_1964  |7 0  |8 A  |9 318416  |a BIBMAT  |b BIBMAT  |d 2019-11-20  |i 1322133  |o 512 BOU 1964  |p 1322133  |r 2025-01-07  |t 1  |w 2019-11-20  |y BK  |k MAT 
952 |0 0  |1 0  |2 ddc  |4 0  |6 512_000000000000000_BOU_1964  |7 0  |8 A  |9 318417  |a BIBMAT  |b BIBMAT  |d 2019-11-20  |i 1322184  |o 512 BOU 1964  |p 1322184  |r 2025-01-07  |t 2  |w 2019-11-20  |y BK  |k MAT 
952 |0 0  |1 0  |2 ddc  |4 0  |6 512_000000000000000_BOU_1964  |7 0  |8 A  |9 318418  |a BIBMAT  |b BIBMAT  |d 2019-11-20  |i 1322028  |o 512 BOU 1964  |p 1322028  |r 2025-01-07  |t 3  |w 2019-11-20  |y BK  |k MAT 
952 |0 0  |1 0  |2 ddc  |4 0  |6 512_000000000000000_BOU_1964  |7 0  |8 A  |9 318419  |a BIBMAT  |b BIBMAT  |d 2019-11-20  |i 4889924  |o 512 BOU 1964  |p 4889924  |r 2025-01-07  |t 4  |w 2019-11-20  |y BK  |k MAT